00451nam a2200193Ia 4500008004100000041001200041082000800053082001100061100001500072100001100087245004300098250001200141260001200153260003000165260000900195440002700204650001400231650001200245150909s9999 xx 000 0 und d aEnglish a530 bSCH/TH aSchaum D  eAuthor aTheory and problems of college physics a6th Ed. aNewYork bMc Graw Hill Book company c1962 aSchaums outline series aMagnetism aPhysics